000 00279nam a22001331a 4500
999 _c166581
_d166581
082 _aH1
_bSUM/T
100 _aRamnath
245 _aTharapadh/
_cby Ramnath.
260 _a
_b
_c
650 _aLiterature Hindi
650 _aPoetry Hindi
650 _aLiterature
942 _cBK